000 00332nam a2200169Ia 4500
100 _aBalagurusamy/E
650 _aJava
942 _cBK
366 _f20
654 _ajava
245 _aProgramming with JAVA: A Primer
260 _bMc Graw Hill
_c2015
082 _bBAL
300 _a460
546 _aENGLISH
999 _c22198
_d22198